000 00735nam a2200217 a 4500
999 _c9100
_d9100
001 9100
003 BD-JhCC
005 20180308133642.0
008 180308s1969 bg a|||| ||a| 000 0 ben d
035 _a(BD-JhCC)9100
040 _aBD-JhCC
_dBD-JhCC
041 _aben
082 _a973.920924
_bMAJ 1969
100 _aমাজো, আর্ল
245 _aরিচার্ড নিক্সন রাজনৈতিক জীবন আলেখ্য /
_cআর্ল মাজো এবং স্টিফেন হেস
260 _aঢাকা :
_bখোশরোজ কিতাব মহল,
_c1969
300 _a211 p. :
_c22 cm.
700 _aহেস, স্টিফেন
942 _2ddc
_cBK